Normal view
MARC view
Entry Topical Term
001 - CONTROL NUMBER
- control field: 18489
003 - CONTROL NUMBER IDENTIFIER
- control field: ARRUPE
005 - DATE AND TIME OF LATEST TRANSACTION
- control field: 20150722113649.0
008 - FIXED-LENGTH DATA ELEMENTS
- fixed length control field: 150722|| aca||aabn | a|a d
040 ## - CATALOGING SOURCE
- Original cataloging agency: ARRUPE
- Transcribing agency: ARRUPE
150 ## - HEADING--TOPICAL TERM
- Topical term or geographic name as entry element: Rock paintings
- Geographic subdivision: Zimbabwe
- Geographic subdivision: Matopo Hills.
670 ## - SOURCE DATA FOUND
- Source citation: Work cat.: (ARRUPE)0: Walker, Nick. 18488, The painted hills :, 1996.